|
|
|
|
| LEADER |
02884nam a2200481 4500 |
| 001 |
978-981-10-7440-0 |
| 003 |
DE-He213 |
| 005 |
20191024172553.0 |
| 007 |
cr nn 008mamaa |
| 008 |
180109s2018 si | s |||| 0|eng d |
| 020 |
|
|
|a 9789811074400
|9 978-981-10-7440-0
|
| 024 |
7 |
|
|a 10.1007/978-981-10-7440-0
|2 doi
|
| 040 |
|
|
|d GrThAP
|
| 050 |
|
4 |
|a HG1501-3550
|
| 072 |
|
7 |
|a KFFK
|2 bicssc
|
| 072 |
|
7 |
|a BUS004000
|2 bisacsh
|
| 072 |
|
7 |
|a KFFK
|2 thema
|
| 082 |
0 |
4 |
|a 332.1
|2 23
|
| 100 |
1 |
|
|a Li, Shaofang.
|e author.
|4 aut
|4 http://id.loc.gov/vocabulary/relators/aut
|
| 245 |
1 |
0 |
|a Financial Institutions in the Global Financial Crisis
|h [electronic resource] :
|b The Role of Financial Derivatives, Bank Capital, and Clearing and Custody Services /
|c by Shaofang Li.
|
| 250 |
|
|
|a 1st ed. 2018.
|
| 264 |
|
1 |
|a Singapore :
|b Springer Singapore :
|b Imprint: Springer,
|c 2018.
|
| 300 |
|
|
|a XI, 246 p. 13 illus. in color.
|b online resource.
|
| 336 |
|
|
|a text
|b txt
|2 rdacontent
|
| 337 |
|
|
|a computer
|b c
|2 rdamedia
|
| 338 |
|
|
|a online resource
|b cr
|2 rdacarrier
|
| 347 |
|
|
|a text file
|b PDF
|2 rda
|
| 505 |
0 |
|
|a Chapter 1 Introduction -- Chapter 2 The use of financial derivatives and risks of U.S. bank holding companies -- Chapter 3 Quality of bank capital and bank lending behavior during the global financial crisis -- Chapter 4 Competition in the clearing and settlement industry -- Chapter 5 General discussion and conclusion.
|
| 520 |
|
|
|a This book examines the role of financial institutions in the financial markets during normal times, as well as during the global financial crisis. Chapter 1 offers a brief introduction to the research topics in the book, while Chapter 2 discusses the impact of financial derivatives on risk exposures of BHCs. Chapter 3 then investigates whether and how different types of bank capital affect bank lending and whether this relation changes in times of the global financial crisis. Chapter 4 adds to the scant information on competitive landscape in the clearing and settlement industry. Lastly, Chapter 5 provides a summary and discussion of the findings and presented.
|
| 650 |
|
0 |
|a Banks and banking.
|
| 650 |
|
0 |
|a Financial crises.
|
| 650 |
|
0 |
|a Accounting.
|
| 650 |
1 |
4 |
|a Banking.
|0 http://scigraph.springernature.com/things/product-market-codes/626010
|
| 650 |
2 |
4 |
|a Financial Crises.
|0 http://scigraph.springernature.com/things/product-market-codes/617010
|
| 650 |
2 |
4 |
|a Financial Accounting.
|0 http://scigraph.springernature.com/things/product-market-codes/612010
|
| 710 |
2 |
|
|a SpringerLink (Online service)
|
| 773 |
0 |
|
|t Springer eBooks
|
| 776 |
0 |
8 |
|i Printed edition:
|z 9789811074394
|
| 776 |
0 |
8 |
|i Printed edition:
|z 9789811074417
|
| 776 |
0 |
8 |
|i Printed edition:
|z 9789811356353
|
| 856 |
4 |
0 |
|u https://doi.org/10.1007/978-981-10-7440-0
|z Full Text via HEAL-Link
|
| 912 |
|
|
|a ZDB-2-ECF
|
| 950 |
|
|
|a Economics and Finance (Springer-41170)
|